Responsabilidad (Registro nro. 110)

Detalles MARC
000 -LEADER
fixed length control field 01838 a2200229 4500
001 - CONTROL NUMBER
control field 141
005 - DATE AND TIME OF LATEST TRANSACTION
control field 20260407155413.0
008 - FIXED-LENGTH DATA ELEMENTS--GENERAL INFORMATION
fixed length control field 260407a2008 arg spa d
003 - CONTROL NUMBER IDENTIFIER
control field AR-UNSa-BCEJYS
040 ## - CATALOGING SOURCE
Original cataloging agency AR-UNSa-BCEJYS
Language of cataloging spa
Transcribing agency AR-UNSa-BCEJYS
080 ## - UNIVERSAL DECIMAL CLASSIFICATION NUMBER
Universal Decimal Classification number 347.72.036
Common auxiliary subdivision Representación y administración de la compañía. Junta general anual. Administradores. Delegados. Síndicos. Directores. Fiduciarios
020 ## - INTERNATIONAL STANDARD BOOK NUMBER
International Standard Book Number 978-987-01-0801-6
041 ## - LANGUAGE CODE
Language code of text/sound track or separate title spa
100 1# - MAIN ENTRY--PERSONAL NAME
Personal name Perciavalle, Marcelo L.
245 10 - TITLE STATEMENT
Title Responsabilidad
Name of part/section of a work directores, socios, síndicos
264 #1 - PRODUCTION, PUBLICATION, DISTRIBUTION, MANUFACTURE, AND COPYRIGHT NOTICE
Place of production, publication, distribution, manufacture Buenos Aires :
Name of producer, publisher, distributor, manufacturer Errepar
Date of production, publication, distribution, manufacture, or copyright notice 2008
300 ## - PHYSICAL DESCRIPTION
Extent 270 p.
Dimensions 27 cm.
505 ## - FORMATTED CONTENTS NOTE
Formatted contents note 1. Característica de la función directorial - 2 .El funcionamiento del directorio - 3. Votación de los directores - 4. Prohibición e incompatibilidad para ser director - 5. Acción de responsabilidad de administradores - 6. Estado actual en al extensión de responsabilidad en materia laboral de socios y directores luego del fallo "Palomeque" - 7. Extensión de quiebra a socios con responsabilidad ilimitada y administradores - 8. Responsabilidad del director - 9. Administración fraudulenta del administrador - 10. Procesamiento de directores por quiebra fraudulenta de la sociedad - 11. Renumeración del directorio - 12. Imputación de delito al socio director o gerente por omisión de depositar aportes y contribuciones - 13. Imputaciones a directivos societarios por evasión previsional en términos de la Ley Penal Tributaria - 14. Director empleado en una sociedad anónima y su eventual relación dependiente - 15. Nombramiento y cesación de administradores...
590 ## - LOCAL NOTE (RLIN)
Local note niveau_biblio:m niveau_hierar:0
856 41 - ELECTRONIC LOCATION AND ACCESS
Uniform Resource Identifier <a href="https://biblioeco.unsa.edu.ar/pmb/images/libros/Respnsabilidad-directores-socios-sindicos2-l117404.jpg">https://biblioeco.unsa.edu.ar/pmb/images/libros/Respnsabilidad-directores-socios-sindicos2-l117404.jpg</a>
Link text Imagen de portada
Electronic format type image/jpeg
942 ## - ADDED ENTRY ELEMENTS (KOHA)
Koha item type
Existencias
Withdrawn status Lost status Damaged status Not for loan Home library Current library Shelving location Date acquired Total checkouts Full call number Barcode Date last seen Price effective from Koha item type
        Biblioteca Prof. Eusebio Cleto del Rey Biblioteca Prof. Eusebio Cleto del Rey   07/04/2026   347.72.036 P429 L117404 07/04/2026 07/04/2026 Libro